[Event "Speed Chess Championship 2020"]
[Site "Online"]
[Date "2020.11.16"]
[Round "1.23"]
[White "Artemiev, Vladislav"]
[Black "Giri, Anish"]
[Result "1/2-1/2"]
[WhiteElo "2708"]
[BlackElo "2764"]
[Annotator "ChessBase"]
[PlyCount "133"]
[EventDate "2020.10.31"]
[EventType "k.o."]
[EventCountry "NET"]
[SourceTitle "playchess.com"]
[Source "ChessBase"]
[SourceQuality "1"]
[TimeControl "60+1"]

1. Nf3 {[%emt 0:00:01]} d5 {[%emt 0:00:01]} 2. e3 {[%emt 0:00:00]} Nf6 {[%emt 0:00:01]} 3. c4 {[%emt 0:00:01]} c6 {[%emt 0:00:01]} 4. Qc2 {[%emt 0:00:01]} g6 {[%emt 0:00:02]} 5. b3 {[%emt 0:00:01]} Bg7 {[%emt 0:00:01]} 6. Bb2 {[%emt 0:00:00]} O-O {[%emt 0:00:00]} 7. Be2 {[%emt 0:00:01]} Bg4 {[%emt 0:00:03]} 8. O-O {[%emt 0:00:01]} Nbd7 {[%emt 0:00:01]} 9. Nc3 {[%emt 0:00:06]} e5 {[%emt 0:00:03]} 10. h3 {[%emt 0:00:01]} Bf5 {[%emt 0:00:05]} 11. d3 {[%emt 0:00:02]} Re8 {[%emt 0:00:02]} 12. cxd5 {[%emt 0:00:06]} cxd5 {[%emt 0:00:01]} 13. e4 {[%emt 0:00:02]} Be6 {[%emt 0:00:01]} 14. Ng5 {[%emt 0:00:01]} d4 {[%emt 0:00:03]} 15. Nb5 {[%emt 0:00:04]} Rc8 {[%emt 0:00:06]} 16. Qd2 {[%emt 0:00:02]} Qb6 {[%emt 0:00:02]} 17. Nxe6 {[%emt 0:00:03]} Rxe6 {[%emt 0:00:03]} 18. Na3 {[%emt 0:00:00]} Rec6 {[%emt 0:00:12]} 19. Rac1 {[%emt 0:00:01]} Bf8 {[%emt 0:00:05]} 20. Rxc6 {[%emt 0:00:01]} Rxc6 {[%emt 0:00:02]} 21. Rc1 {[%emt 0:00:01]} Qa6 {[%emt 0:00:08]} 22. Rxc6 {[%emt 0:00:02]} Qxc6 {[%emt 0:00:00]} 23. Nc2 {[%emt 0:00:08]} a5 {[%emt 0:00:01]} 24. Bd1 {[%emt 0:00:05]} b6 {[%emt 0:00:02]} 25. Qc1 {[%emt 0:00:07]} Nc5 {[%emt 0:00:01]} 26. Ne1 {[%emt 0:00:01]} Qb5 {[%emt 0:00:01]} 27. Qc2 {[%emt 0:00:02]} h5 {[%emt 0:00:02]} 28. Bc1 {[%emt 0:00:04]} Kh7 {[%emt 0:00:01]} 29. f4 {[%emt 0:00:04]} Nfd7 {[%emt 0:00:01]} 30. f5 {[%emt 0:00:01]} Bh6 {[%emt 0:00:02]} 31. Bxh6 {[%emt 0:00:02]} Kxh6 {[%emt 0:00:00]} 32. fxg6 {[%emt 0:00:01]} fxg6 {[%emt 0:00:01]} 33. g4 {[%emt 0:00:02]} Qb4 {[%emt 0:00:02]} 34. Kf2 {[%emt 0:00:04]} h4 {[%emt 0:00:04]} 35. Be2 {[%emt 0:00:08]} g5 {[%emt 0:00:02]} 36. Nf3 {[%emt 0:00:03]} Qc3 {[%emt 0:00:01]} 37. Qxc3 {[%emt 0:00:01]} dxc3 {[%emt 0:00:00]} 38. Ke3 {[%emt 0:00:00]} Ne6 {[%emt 0:00:03]} 39. Bd1 {[%emt 0:00:03]} b5 {[%emt 0:00:02]} 40. d4 {[%emt 0:00:00]} Nf4 {[%emt 0:00:01]} 41. dxe5 {[%emt 0:00:02]} Nxh3 {[%emt 0:00:01]} 42. e6 {[%emt 0:00:01]} Nf6 {[%emt 0:00:01]} 43. e7 {[%emt 0:00:00]} Nf4 {[%emt 0:00:01]} 44. e5 {[%emt 0:00:02]} N6d5+ {[%emt 0:00:02]} 45. Kd4 {[%emt 0:00:00]} Nxe7 {[%emt 0:00:00]} 46. Kxc3 {[%emt 0:00:01]} h3 {[%emt 0:00:02]} 47. Kd4 {[%emt 0:00:00]} Kg7 {[%emt 0:00:01]} 48. Nxg5 {[%emt 0:00:02]} h2 {[%emt 0:00:01]} 49. Bf3 {[%emt 0:00:01]} Kg6 {[%emt 0:00:01]} 50. Ne4 {[%emt 0:00:01]} Ne6+ {[%emt 0:00:01]} 51. Ke3 {[%emt 0:00:01]} Nd5+ {[%emt 0:00:00]} 52. Kf2 {[%emt 0:00:00]} Ndf4 {[%emt 0:00:01]} 53. Kg3 {[%emt 0:00:02]} Nd3 {[%emt 0:00:00]} 54. Kxh2 {[%emt 0:00:00]} Nxe5 {[%emt 0:00:00]} 55. Kg3 {[%emt 0:00:00]} Nd4 {[%emt 0:00:02]} 56. Nc5 {[%emt 0:00:02]} Ndxf3 {[%emt 0:00:02]} 57. Kf4 {[%emt 0:00:00]} Kf6 {[%emt 0:00:01]} 58. Nb7 {[%emt 0:00:01]} a4 {[%emt 0:00:02]} 59. bxa4 {[%emt 0:00:01]} bxa4 {[%emt 0:00:00]} 60. a3 {[%emt 0:00:00]} Ng5 {[%emt 0:00:01]} 61. Ke3 {[%emt 0:00:02]} Ne6 {[%emt 0:00:01]} 62. Ke4 {[%emt 0:00:01]} Nxg4 {[%emt 0:00:02]} 63. Kd5 {[%emt 0:00:02]} Ne3+ {[%emt 0:00:01]} 64. Kc6 {[%emt 0:00:00]} Nc2 {[%emt 0:00:01]} 65. Kb5 {[%emt 0:00:01]} Nxa3+ {[%emt 0:00:02]} 66. Kxa4 {[%emt 0:00:00]} Nc4 {[%emt 0:00:00]} 67. Kb4 {[%emt 0:00:00]} 1/2-1/2

[Event "Speed Chess Championship 2020"]
[Site "Online"]
[Date "2020.11.15"]
[Round "1.24"]
[White "Caruana, Fabiano"]
[Black "Duda, Jan-Krzysztof"]
[Result "0-1"]
[WhiteElo "2823"]
[BlackElo "2743"]
[Annotator "TA"]
[PlyCount "76"]
[EventDate "2020.10.31"]
[EventType "k.o."]
[EventCountry "NET"]
[SourceTitle "playchess.com"]
[Source "ChessBase"]
[SourceQuality "1"]

{[%evp 13,76,0,0,-10,-3,-8,0,-39,-44,-47,-43,-56,-64,-68,-72,-66,-82,-72,-5,-16,25,6,10,6,40,-85,-70,-64,-28,-33,-21,-25,-10,-28,-22,-120,-101,-127,-130,-135,-132,-129,-136,-300,-268,-279,-267,-260,-275,-314,-263,-284,-267,-266,-266,-275,-256,-270,-279,-296,-309,-329,-304,-547,-531]} 1. d4 Nf6 2. Nf3 g6 3. g3 Bg7 4. Bg2 O-O 5. O-O d5 6. c4 c6 {6...c6 is better than 6...dxc4.} 7. Qb3 Qb6 8. Rd1 {D78: Fianchetto Grünfeld: 6 0-0 c6.} Rd8 9. Nc3 Be6 {[#]} 10. Qxb6 $146 {The position is equal.} (10. Qa4 {looks sharper.} h6 11. cxd5 cxd5 12. Ne5 Nbd7 13. Nd3) ({Predecessor:} 10. c5 Qxb3 11. axb3 Na6 12. e3 Nc7 13. b4 Bg4 14. h3 Bxf3 15. Bxf3 e5 16. Be2 exd4 17. exd4 {0-1 (50) Hellers,F (2592)-Firouzja,A (2728) chess.com INT 2020}) 10... axb6 11. cxd5 Nxd5 12. Nxd5 Bxd5 13. a3 Bxf3 14. Bxf3 Rxd4 15. Be3 Rxd1+ ({Better is} 15... Rd7 $17 16. Rab1 b5) 16. Rxd1 $11 {[#] Strongly threatening Rd8+.} Na6 17. Bxb6 Bxb2 18. a4 Ba3 19. a5 (19. Rd7 $14 {keeps the upper hand.}) 19... Bc5 20. Rd7 Bxb6 21. axb6 $15 {[%mdl 4096] Endgame KRB-KRN} Nc5 22. Rxe7 Ra1+ 23. Kg2 Rb1 24. e3 (24. Rc7 $1 $11) 24... Rxb6 25. h4 h5 26. g4 hxg4 27. Bxg4 Rb4 28. Kf3 $2 {[#] Loses the game.} (28. Be2 $17 {was called for.}) 28... Kf8 29. Rc7 f5 30. Bh3 Rxh4 31. Bf1 Re4 32. Rh7 Re7 33. Rh8+ Kg7 34. Rb8 Nd7 35. Rd8 Ne5+ 36. Kf4 Rd7 37. Re8 Kf6 38. e4 $2 (38. f3) 38... g5+ {Weighted Error Value: White=0.36/Black=0.16} 0-1

[Event "Speed Chess Championship 2020"]
[Site "Online"]
[Date "2020.11.11"]
[Round "1.24"]
[White "Aronian, Levon"]
[Black "Nepomniachtchi, Ian"]
[Result "0-1"]
[WhiteElo "2781"]
[BlackElo "2784"]
[Annotator "ChessBase"]
[PlyCount "66"]
[EventDate "2020.10.31"]
[EventType "k.o."]
[SourceTitle "playchess.com"]
[Source "ChessBase"]
[SourceQuality "1"]
[TimeControl "60+1"]

1. e4 {[%emt 0:00:01]} c6 {[%emt 0:00:01]} 2. d4 {[%emt 0:00:01]} d5 {[%emt 0:00:00]} 3. exd5 {[%emt 0:00:02]} cxd5 {[%emt 0:00:00]} 4. Bd3 {[%emt 0:00:00]} Nc6 {[%emt 0:00:00]} 5. c3 {[%emt 0:00:01]} g6 {[%emt 0:00:00]} 6. Nf3 {[%emt 0:00:01]} Qc7 {[%emt 0:00:01]} 7. O-O {[%emt 0:00:02]} Nf6 {[%emt 0:00:00]} 8. Re1 {[%emt 0:00:01]} Bf5 {[%emt 0:00:00]} 9. Bf1 {[%emt 0:00:02]} h5 {[%emt 0:00:02]} 10. Nbd2 {[%emt 0:00:04]} e6 {[%emt 0:00:01]} 11. Ne5 {[%emt 0:00:03]} Bd6 {[%emt 0:00:01]} 12. Ndf3 {[%emt 0:00:02]} Ne4 {[%emt 0:00:00]} 13. c4 {[%emt 0:00:11]} f6 {[%emt 0:00:02]} 14. cxd5 {[%emt 0:00:01]} exd5 {[%emt 0:00:00]} 15. Nxc6 {[%emt 0:00:01]} bxc6 {[%emt 0:00:00]} 16. Bd2 {[%emt 0:00:09]} g5 {[%emt 0:00:01]} 17. Rc1 {[%emt 0:00:03]} g4 {[%emt 0:00:05]} 18. Nh4 {[%emt 0:00:01]} Bxh2+ {[%emt 0:00:01]} 19. Kh1 {[%emt 0:00:01]} Kf7 {[%emt 0:00:01]} 20. Be3 {[%emt 0:00:10]} Be6 {[%emt 0:00:05]} 21. g3 {[%emt 0:00:12]} Bxg3 {[%emt 0:00:01]} 22. fxg3 {[%emt 0:00:01]} Qxg3 {[%emt 0:00:00]} 23. Ng2 {[%emt 0:00:04]} Qh3+ {[%emt 0:00:01]} 24. Kg1 {[%emt 0:00:01]} g3 {[%emt 0:00:00]} 25. Be2 {[%emt 0:00:02]} Qh2+ {[%emt 0:00:01]} 26. Kf1 {[%emt 0:00:01]} Nf2 {[%emt 0:00:03]} 27. Bxf2 {[%emt 0:00:01]} gxf2 {[%emt 0:00:01]} 28. Kxf2 {[%emt 0:00:01]} Rhg8 {[%emt 0:00:00]} 29. Bf3 {[%emt 0:00:02]} Bh3 {[%emt 0:00:00]} 30. Rg1 {[%emt 0:00:00]} Qg3+ {[%emt 0:00:02]} 31. Kf1 {[%emt 0:00:01]} Rae8 {[%emt 0:00:00]} 32. Rxc6 {[%emt 0:00:02]} Rg5 {[%emt 0:00:07]} 33. Rc3 {[%emt 0:00:02]} Rf5 {[%emt 0:00:01]} 0-1

[Event "Speed Chess Championship 2020"]
[Site "Online"]
[Date "2020.11.16"]
[Round "1.24"]
[White "Giri, Anish"]
[Black "Artemiev, Vladislav"]
[Result "0-1"]
[WhiteElo "2764"]
[BlackElo "2708"]
[Annotator "ChessBase"]
[PlyCount "83"]
[EventDate "2020.10.31"]
[EventType "k.o."]
[EventCountry "NET"]
[SourceTitle "playchess.com"]
[Source "ChessBase"]
[SourceQuality "1"]
[TimeControl "60+1"]

1. e4 {[%emt 0:00:01]} e5 {[%emt 0:00:01]} 2. Nf3 {[%emt 0:00:00]} Nc6 {[%emt 0:00:00]} 3. Bc4 {[%emt 0:00:01]} Be7 {[%emt 0:00:01]} 4. d4 {[%emt 0:00:02]} d6 {[%emt 0:00:00]} 5. O-O {[%emt 0:00:01]} Bg4 {[%emt 0:00:02]} 6. c3 {[%emt 0:00:03]} Nf6 {[%emt 0:00:02]} 7. d5 {[%emt 0:00:02]} Nb8 {[%emt 0:00:01]} 8. Nbd2 {[%emt 0:00:01]} O-O {[%emt 0:00:02]} 9. h3 {[%emt 0:00:01]} Bh5 {[%emt 0:00:02]} 10. Be2 {[%emt 0:00:01]} Nbd7 {[%emt 0:00:02]} 11. Re1 {[%emt 0:00:06]} c6 {[%emt 0:00:03]} 12. dxc6 {[%emt 0:00:02]} bxc6 {[%emt 0:00:01]} 13. Nh4 {[%emt 0:00:02]} Bxe2 {[%emt 0:00:01]} 14. Qxe2 {[%emt 0:00:01]} g6 {[%emt 0:00:01]} 15. Nhf3 {[%emt 0:00:01]} Nc5 {[%emt 0:00:00]} 16. c4 {[%emt 0:00:01]} a5 {[%emt 0:00:02]} 17. b3 {[%emt 0:00:01]} Qb6 {[%emt 0:00:00]} 18. Rb1 {[%emt 0:00:01]} Rfb8 {[%emt 0:00:05]} 19. Ba3 {[%emt 0:00:04]} Nfd7 {[%emt 0:00:04]} 20. Red1 {[%emt 0:00:03]} Ne6 {[%emt 0:00:03]} 21. Nf1 {[%emt 0:00:00]} Qc7 {[%emt 0:00:03]} 22. Ne3 {[%emt 0:00:02]} Ndc5 {[%emt 0:00:02]} 23. Qc2 {[%emt 0:00:01]} h5 {[%emt 0:00:01]} 24. g3 {[%emt 0:00:01]} Bf8 {[%emt 0:00:02]} 25. Bc1 {[%emt 0:00:04]} Rb7 {[%emt 0:00:03]} 26. Bd2 {[%emt 0:00:04]} Nd4 {[%emt 0:00:02]} 27. Nxd4 {[%emt 0:00:02]} exd4 {[%emt 0:00:00]} 28. Ng2 {[%emt 0:00:01]} Re8 {[%emt 0:00:01]} 29. Re1 {[%emt 0:00:01]} d3 {[%emt 0:00:05]} 30. Qc3 {[%emt 0:00:01]} Bg7 {[%emt 0:00:00]} 31. Qxa5 {[%emt 0:00:00]} Qxa5 {[%emt 0:00:01]} 32. Bxa5 {[%emt 0:00:00]} Ra7 {[%emt 0:00:01]} 33. b4 {[%emt 0:00:03]} Nxe4 {[%emt 0:00:01]} 34. Rbd1 {[%emt 0:00:02]} Bc3 {[%emt 0:00:06]} 35. Re3 {[%emt 0:00:02]} Bd4 {[%emt 0:00:01]} 36. Rexd3 {[%emt 0:00:03]} Bxf2+ {[%emt 0:00:00]} 37. Kh2 {[%emt 0:00:01]} c5 {[%emt 0:00:01]} 38. a3 {[%emt 0:00:02]} Bd4 {[%emt 0:00:01]} 39. Re1 {[%emt 0:00:03]} Re5 {[%emt 0:00:02]} 40. Nf4 {[%emt 0:00:03]} Nf2 {[%emt 0:00:02]} 41. Rxe5 {[%emt 0:00:03]} dxe5 {[%emt 0:00:01]} 42. Rd1 0-1

[Event "Speed Chess Championship 2020"]
[Site "Online"]
[Date "2020.11.04"]
[Round "1.24"]
[White "Fedoseev, Vladimir"]
[Black "Firouzja, Alireza"]
[Result "0-1"]
[WhiteElo "2676"]
[BlackElo "2749"]
[Annotator "TA"]
[PlyCount "82"]
[EventDate "2020.10.31"]
[EventType "k.o."]
[SourceTitle "playchess.com"]
[Source "ChessBase"]
[SourceQuality "1"]

{[%evp 20,82,19,0,33,2,0,-19,0,0,0,-78,-103,-115,-102,-116,-113,-108,-96,-87,-93,-83,-89,-93,-81,-75,-75,-75,-67,-59,754,739,2034,258,234,12,22,29,73,57,66,0,0,-36,0,0,135,125,177,8,8,1,8,-66,-59,-109,-34,-67,-67,-72,-75,-29990,-29991,-29991,-29992]} 1. e4 c5 2. Nf3 d6 3. d4 cxd4 4. Nxd4 Nf6 5. Nc3 Nc6 6. Bg5 e6 7. Qd2 a6 8. O-O-O Bd7 9. f4 b5 10. Nxc6 Bxc6 11. Qe1 {And now e5 would win.} h6 {B67: Sicilian: Richter-Rauzer: 7...a6 8 0-0-0 Bd7, lines without 9 f4 Be7.} 12. Bh4 (12. Bxf6 $5 Qxf6 13. g3 $11) 12... Be7 $1 13. Bd3 {[#]} Qc7 $146 {The position is equal.} ({Predecessor:} 13... b4 14. Ne2 Qb6 15. Kb1 Nxe4 16. Bxe7 Kxe7 17. Bxe4 Bxe4 18. Ng3 Bh7 19. f5 Rhc8 {½-½ (42) Nolte,R (2395)-Zhou,J (2586) Al Ain 2014}) 14. a3 Rb8 15. Na2 (15. Bxf6 $11 gxf6 16. Kb1) 15... a5 $17 16. Rf1 O-O 17. e5 dxe5 18. fxe5 Nd5 19. Qe4 {[%csl Gd3][%cal Re4h7]} g6 20. Rxf7 {[%mdl 64] [#] Remove Defender, Decoy} Rxf7 21. Qxg6+ Kf8 22. Qxh6+ Ke8 23. Bg6 Bxh4 24. Qxh4 b4 $2 {[%mdl 8192]} (24... Qxe5 $15 25. Re1 Qg7 26. Rxe6+ Kd7 27. Bxf7 Qxf7) 25. Rf1 $1 $18 {[%mdl 64] Pin} Qb6 26. Bxf7+ $2 (26. Rxf7 {[%cal Rh4h8]} Qg1+ 27. Rf1+ Kd7 28. Rxg1 bxa3 29. Qh7+ {[%mdl 64] Zwischenzug} Kc8 30. bxa3) 26... Kd7 27. Bxe6+ $2 (27. axb4 $18 axb4 28. Bg6) 27... Kxe6 $11 28. Qh6+ Kxe5 {White must now prevent ...Qe3+.} 29. Re1+ Kd4 30. Qd2+ (30. Qd6 $1 $14 Rd8 31. Rd1+ Kc4 32. Qg3) 30... Kc5 31. Qf2+ Kb5 (31... Kd6 $5 {[%cal Rb6f2]} 32. Qg3+ Kd7 33. axb4 axb4 $15) 32. Qe2+ Ka4 (32... Kc5 $1 $11 {remains equal.}) 33. Qc4 $16 {[%mdl 1024] aiming for Kb1. White has strong compensation.} Rc8 (33... Bb7 $16 34. Qb3+ Kb5) 34. Qb3+ $2 (34. Kb1 $18) 34... Kb5 $132 {[%mdl 2048] Strongly threatening ...Qf2! Black is fighting back} 35. Qd3+ Kc5 $1 36. Re6 (36. axb4+ $11 axb4 37. Re4) 36... Qb5 $15 {Threatens to win with ...Qxd3.} 37. Qf3 {[#] Qf2+ would kill now.} Qc4 ({Black should try} 37... Kb6 $1 $17 {Hoping for ...Qc4.} 38. axb4 axb4) 38. b3 Qd4 {...Qa1+ is the strong threat.} 39. axb4+ axb4 40. Kb1 $2 {[%mdl 8192]} (40. Qe4 $17) 40... Nc3+ {[%mdl 64] Discovered Attack} 41. Nxc3 Bxf3 {A wild game. Av CentiPawn Loss W=-93/B=-71. Weighted=-156/-100} 0-1

[Event "Speed Chess Championship 2020"]
[Site "Online"]
[Date "2020.11.04"]
[Round "1.24"]
[White "Maghsoodloo, Parham"]
[Black "Carlsen, Magnus"]
[Result "0-1"]
[WhiteElo "2676"]
[BlackElo "2862"]
[Annotator "TA"]
[PlyCount "68"]
[EventDate "2020.10.31"]
[EventType "k.o."]
[SourceTitle "playchess.com"]
[Source "ChessBase"]
[SourceQuality "1"]

{[%evp 10,68,22,18,20,0,0,0,0,0,0,0,-14,-20,0,-162,15,-8,0,-3,-6,-22,0,0,0,0,0,-7,0,0,0,-99,-73,-110,-101,-176,-54,-171,-177,-175,-165,-169,-165,-149,-162,-238,-231,-1153,-1131,-1095,-1087,-1075,-925,-982,-975,-974,-981,-1202,-1198,-1153,-1139]} 1. e4 e5 2. Nf3 Nc6 3. Bc4 Nf6 4. d3 Bc5 5. c3 O-O 6. Nbd2 d5 {C54: Giuoco Piano: 4 c3 Nf6, main lines with 5 d4 and 5 d3.} 7. Bb5 dxe4 8. dxe4 a5 {The position is equal.} 9. O-O Qe7 {[#]} 10. h3 $146 ({Predecessor:} 10. Qc2 Nb8 11. Nb3 Bb6 12. Bg5 c6 13. Be2 h6 14. Bh4 Bg4 15. h3 Bh5 16. Nbd2 g5 {1-0 (59) Pirisi,G (2375)-Varga,P (2315) Hungary 1993}) 10... Rd8 11. Qc2 Nb8 12. Rd1 $2 {[#]} (12. Bd3 $11 {and White stays safe.}) 12... Nbd7 $2 (12... Bxf2+ $1 $19 {[%mdl 512]} 13. Kh1 (13. Kxf2 Qc5+) 13... Bc5) 13. Bf1 b6 {[%cal Bb7b6,Bb6b5][%mdl 32]} 14. Nc4 Bb7 15. Re1 a4 16. Bg5 h6 17. Bh4 b5 18. Ncd2 g5 19. Bg3 Nh5 $36 {[%mdl 2048] Black is pushing.} 20. Kh2 (20. Bh2 $11) 20... Bc6 21. b4 axb3 22. axb3 (22. Nxb3 $17 Nxg3 23. fxg3) 22... g4 (22... Rxa1 $19 23. Rxa1 g4 $1 {[%mdl 512]}) 23. Nh4 {[#]} (23. Rxa8 $15 Bxa8 24. Nh4) 23... Rxa1 $1 $19 24. Rxa1 {[#]} Qg5 $1 {White must now prevent ...Bxf2!} 25. Nf5 Nxg3 26. fxg3 Nf6 {[%cal Bd7f6,Bf6g4,Bg4f2][%mdl 32]} 27. Rd1 (27. Ra2 $142 gxh3 28. gxh3) 27... gxh3 28. Nf3 $2 (28. gxh3 Qh5 29. Nh4) 28... Ng4+ {Black is clearly winning.} 29. Kh1 Rxd1 30. Qxd1 Nf2+ 31. Kh2 Nxd1 32. Nxg5 hxg5 33. b4 hxg2 34. Bxg2 Bf8 {Av CentiPawn Loss W=-67/B=-19. Weighted=-74/-36} 0-1

[Event "Speed Chess Championship 2020"]
[Site "Online"]
[Date "2020.11.08"]
[Round "1.24"]
[White "Abdusattorov, Nodirbek"]
[Black "So, Wesley"]
[Result "1-0"]
[WhiteElo "2662"]
[BlackElo "2816"]
[Annotator "TA"]
[PlyCount "127"]
[EventDate "2020.10.31"]
[EventType "k.o."]
[SourceTitle "playchess.com"]
[Source "ChessBase"]
[SourceQuality "1"]

{[%evp 10,126,21,0,6,0,0,0,0,-7,0,-9,0,-36,-36,-57,-56,-64,-60,-67,-70,-70,-58,-115,-44,-43,67,52,95,-8,21,-77,41,-154,-135,-175,-114,-116,-118,-106,0,-8,0,-141,-141,-194,-185,-223,-216,-198,0,-8,0,0,0,0,383,387,12825,12825,12825,12825,12823,12822,12822,11291,11510,10228,12833,12833,12832,5808,12824,2820,12832,11648,12841,12841,12844,12843,12844,12844,12845,12845,12847,12847,12848,12848,12849,12849,12850,12850,12850,27999,27997,27997,27998,27997,27998,27998,27999,27999,27998,27998,27999,27999,27999,27999,27999,27999,27999,27999,27999,27999,27999,27999,27999,27999,29999]} 1. e4 e5 2. Nf3 Nc6 3. Bb5 Nf6 4. d3 Bc5 5. Bxc6 dxc6 6. Nc3 (6. Nbd2 {feels hotter.} Be6 7. O-O Nd7 8. Nb3 Be7 9. Na5) 6... Nd7 {C48: Four Knights: 4 Bb5, replies other than 4...Bb4.} 7. Be3 {[#]} (7. O-O {with more complications.} O-O 8. Ne2 a5 9. Ng3 Re8 10. Re1) 7... Bxe3 $146 ({Predecessor:} 7... Qe7 8. Bxc5 Nxc5 9. Qd2 Bg4 10. Qe3 Bxf3 11. Qxf3 Ne6 12. O-O O-O 13. Ne2 c5 14. Qg3 {0-1 (77) Yu,Y (2738)-Abdusattorov,N (2635) Moscow 2019}) 8. fxe3 Qe7 {The position is equal.} 9. O-O b6 10. Ne2 Bb7 11. Ng3 g6 12. a4 a5 13. d4 O-O-O 14. Qe2 h5 15. h4 Rhe8 16. c3 ({Better is} 16. c4 $15) 16... c5 (16... exd4 $17 17. exd4 c5) 17. d5 $15 Nf6 (17... Kb8 $15) 18. Ng5 $1 $14 Rf8 19. Nh1 (19. b4 $1 $16) 19... Kb8 20. Nf2 (20. b4 $1 $11) 20... Bc8 (20... Ka7 $1 $17) 21. c4 $2 (21. Rfb1 $14 {stays ahead.}) 21... Ng4 22. Nxg4 Bxg4 (22... hxg4 $19 23. b3 f6) 23. Qf2 f6 24. Nf3 Bxf3 (24... Bd7 $17) 25. Qxf3 $11 f5 26. exf5 (26. Qg3 $11 {remains equal.}) 26... Qxh4 $17 27. f6 (27. Qh3 $17 {was worth a try.} Qxh3 28. gxh3) 27... Qxc4 28. Rad1 {d6! would now be nice for White.} Rd6 ({Much less strong is} 28... Qxa4 29. d6) 29. f7 Rd7 $2 (29... Qxa4 $19 {...Rd7 is the strong threat.} 30. Rd2 Qc4) 30. d6 $1 $11 {Strongly threatening Qc6.} Rdxf7 {[#]} 31. Qxf7 $1 {[%mdl 512]} Rxf7 (31... Qxf7 32. Rxf7) 32. Rxf7 cxd6 $2 {[%mdl 12288] Endgame [#] KQ-KRR. White stays focused until the end.} (32... Qxf7 $2 {perishes.} 33. d7 $18) ({Not} 32... Qxa4 33. dxc7+ Kb7 34. Rd8 Kc6 35. c8=Q+ Kb5 36. Rb7 $1 {[%mdl 512]} Kb4 37. Rxb6+ Qb5 38. Rxb5+) (32... Qe2 $1 $11 {and Black stays safe.} 33. dxc7+ Kb7) 33. Rdf1 $1 $18 Qxa4 $2 (33... Qg4 34. Rg7 Qc8) 34. Re7 Qc6 35. Rf8+ Qc8 36. Rxc8+ Kxc8 {KR-KP} 37. Re6 Kd7 38. Rxg6 a4 39. Rh6 b5 40. Rxh5 b4 41. Kf2 Kc6 42. Ke2 a3 43. bxa3 bxa3 44. g4 d5 45. g5 {Threatening mate with g6.} Kd6 46. g6 Ke6 47. Rg5 {g7 would kill now.} Kf6 {[#]} 48. g7 $1 {[%mdl 512]} Kxg5 49. g8=Q+ {[%mdl 64] Double Attack} Kf5 50. Qxd5 Kf6 51. Qxc5 e4 {White mates.} 52. Qxa3 Ke5 53. Qc5+ Ke6 54. Qd4 Kf5 55. Qd5+ Kf6 56. Qxe4 Kg5 57. Qf4+ Kg6 58. e4 Kg7 59. e5 Kg6 60. e6 Kg7 61. e7 Kg6 62. e8=Q+ Kg7 63. Qg5+ Kh7 64. Qgg6# {Av CentiPawn Loss W=-138/B=-152. Weighted=-130/-187} 1-0

[Event "Speed Chess Championship 2020"]
[Site "Online"]
[Date "2020.11.04"]
[Round "1.25"]
[White "Carlsen, Magnus"]
[Black "Maghsoodloo, Parham"]
[Result "1-0"]
[WhiteElo "2862"]
[BlackElo "2676"]
[Annotator "TA"]
[PlyCount "41"]
[EventDate "2020.10.31"]
[EventType "k.o."]
[SourceTitle "playchess.com"]
[Source "ChessBase"]
[SourceQuality "1"]

{[%evp 9,41,45,60,44,46,60,48,44,65,30,38,34,41,41,38,46,27,47,30,29,72,0,48,0,8,-11,-15,-15,112,112,116,115,711,694]} 1. e4 d5 2. exd5 Qxd5 3. Nc3 Qd8 4. d4 Nf6 5. Nf3 g6 6. Bc4 {B01: Scandinavian Defence.} Bg7 7. O-O O-O 8. Re1 {White is slightly better.} a6 9. a4 Nc6 10. h3 b6 11. Bf4 {11.Ne5 is setting a new trend.} Bb7 12. Qd2 e6 13. Rad1 Ne7 14. Ne5 Ned5 {[#]} 15. Bg5 $146 ({Better is} 15. Nxd5 $16 exd5 16. Bb3) ({Predecessor:} 15. Nxd5 Nxd5 16. Bg3 h6 17. Qe2 Kh7 18. Ba2 Qe8 19. c4 Nb4 20. Bb3 Rd8 21. Qe3 {½-½ (46) Zawadzka,J (2419)-Kulon,K (2336) Warsaw 2020}) 15... Qd6 {Black wants to play ...Nxc3.} 16. Nxd5 exd5 17. Bxf6 Bxf6 18. Bb3 c5 (18... a5 $11 {remains equal.}) 19. dxc5 $16 bxc5 20. Bxd5 Rad8 $2 {[%mdl 8192] [#]} (20... Qxd5 $16 21. Qxd5 Bxd5 22. Rxd5 Bxe5 23. Rexe5 c4) 21. Bxf7+ $1 {[%mdl 64] Discovered Attack. Av CentiPawn Loss W=-10/B=-53. Weighted=-8/-110} 1-0